[Event "CAN op"]
[Site "Hamilton CAN"]
[Date "2022.07.17"]
[Round "9.56"]
[White "Baylon, Glenda"]
[Black "Lin, Yu-Liang"]
[Result "1-0"]
[WhiteElo "1899"]
[BlackElo "1425"]
[PlyCount "117"]
[EventDate "2022.07.12"]
[EventType "swiss"]
[EventRounds "9"]
[EventCountry "CAN"]

1. c4 c5 2. Nc3 Nc6 3. Nf3 Nf6 4. e3 e6 5. d4 d5 6. dxc5 Bxc5 7. cxd5 exd5 8.
Bb5 O-O 9. O-O Bg4 10. h3 Bh5 11. Be2 Re8 12. a3 a5 13. Bd2 Qd7 14. Na4 Ba7 15.
b4 Ne5 16. Nc5 Bxc5 17. bxc5 Nc4 18. Bc3 Bxf3 19. Bxf3 Ne4 20. Qd4 Nxc3 21.
Qxc3 Ne5 22. Be2 Qf5 23. Rab1 Re7 24. Rb5 Nc6 25. Bg4 Qe5 26. Qxe5 Nxe5 27.
Rfb1 Nxg4 28. hxg4 f6 29. Rxb7 Re4 30. c6 Rc4 31. Rb8+ Rxb8 32. Rxb8+ Kf7 33.
Rb7+ Ke6 34. Rxg7 Rxc6 35. Rxh7 Rc3 36. Ra7 Rxa3 37. Kf1 Ra2 38. f4 a4 39. f5+
Kd6 40. g5 fxg5 41. f6 Rc2 42. Rxa4 Rc7 43. Ra6+ Ke5 44. Ke2 Rf7 45. Kd3 Rxf6
46. Rxf6 Kxf6 47. Kd4 Ke6 48. e4 dxe4 49. Kxe4 Kf6 50. g3 Kg6 51. g4 Kf6 52.
Kd5 Kg6 53. Ke5 Kh6 54. Kf5 Kg7 55. Kxg5 Kg8 56. Kf6 Kf8 57. g5 Kg8 58. Kg6 Kh8
59. Kf7 1-0

[Event "CAN op"]
[Site "Hamilton CAN"]
[Date "2022.07.17"]
[Round "9.57"]
[White "Wu, Jonathan"]
[Black "Jiang, William"]
[Result "1/2-1/2"]
[WhiteElo "1891"]
[BlackElo "1380"]
[PlyCount "60"]
[EventDate "2022.07.12"]
[EventType "swiss"]
[EventRounds "9"]
[EventCountry "CAN"]

1. e4 c5 2. Nc3 Nc6 3. Bb5 Nd4 4. Nf3 Nxb5 5. Nxb5 e6 6. d4 Nf6 7. Nc3 cxd4 8.
Qxd4 d5 9. Bg5 Be7 10. O-O-O dxe4 11. Qe5 Bd7 12. Nxe4 Nxe4 13. Bxe7 Qxe7 14.
Qxe4 Bc6 15. Qg4 O-O 16. Rhe1 Rfd8 17. Ne5 Bd5 18. Kb1 Rac8 19. f3 Qc7 20. c4
Bc6 21. Nxc6 Qxc6 22. Qe4 Qxe4+ 23. fxe4 f6 24. b3 Kf7 25. Kc2 Ke7 26. Rd3 Rxd3
27. Kxd3 Rd8+ 28. Kc3 Rd6 29. a4 a5 30. Re3 Rd1 1/2-1/2

[Event "CAN op"]
[Site "Hamilton CAN"]
[Date "2022.07.17"]
[Round "9.58"]
[White "Gaisinsky, Jacob"]
[Black "Latreille, Etienne"]
[Result "0-1"]
[WhiteElo "1568"]
[BlackElo "1888"]
[PlyCount "88"]
[EventDate "2022.07.12"]
[EventType "swiss"]
[EventRounds "9"]
[EventCountry "CAN"]

1. e4 c5 2. Nf3 Nc6 3. d4 cxd4 4. Nxd4 g6 5. Nc3 Bg7 6. Be3 Nf6 7. Bc4 O-O 8.
f3 Qb6 9. Bb3 Nxe4 10. Nd5 Qa5+ 11. c3 Nf6 12. Nxc6 dxc6 13. Nxe7+ Kh8 14. Nxc8
Raxc8 15. O-O c5 16. Qe2 b5 17. Qf2 Qc7 18. c4 b4 19. Ba4 Qe5 20. b3 h5 21.
Rad1 Rc7 22. Rfe1 Qf5 23. Qg3 Rfc8 24. Bf4 Rb7 25. Bb5 Rg8 26. Bc7 Nh7 27. Bc6
h4 28. Qd6 Rxc7 29. Qxc7 h3 30. Bd7 Qc2 31. Bxh3 Bd4+ 32. Kh1 Qxa2 33. Rb1 Kg7
34. Bd7 Rh8 35. Qf4 Nf6 36. Ba4 Nh5 37. Qg5 Qf2 38. h3 Ng3+ 39. Kh2 Nf5 40. Rf1
Qe2 41. Bc6 f6 42. Qc1 Ne3 43. Rg1 Be5+ 44. Kh1 Rxh3+ 0-1

[Event "CAN op"]
[Site "Hamilton CAN"]
[Date "2022.07.17"]
[Round "9.59"]
[White "Xu, Ryan"]
[Black "Kaye, Olya"]
[Result "1-0"]
[WhiteElo "1565"]
[BlackElo "1854"]
[PlyCount "149"]
[EventDate "2022.07.12"]
[EventType "swiss"]
[EventRounds "9"]
[EventCountry "CAN"]

1. d4 g6 2. e4 d6 3. c4 Nf6 4. Nc3 Bg7 5. Be2 O-O 6. Bg5 h6 7. Be3 Nbd7 8. Nf3
c5 9. d5 Ne8 10. Qd2 Kh7 11. O-O-O a6 12. h4 h5 13. Ng5+ Kg8 14. Rdg1 Ne5 15.
f3 Nc7 16. g4 hxg4 17. fxg4 f6 18. Nh3 Kf7 19. Bf4 Rh8 20. h5 gxh5 21. gxh5 e6
22. h6 Bf8 23. Bxe5 dxe5 24. dxe6+ Nxe6 25. Bh5+ Ke7 26. Nd5+ Kd6 27. Nb6+ Nd4
28. Nxc8+ Rxc8 29. Rg6 Rc7 30. Rf1 Rf7 31. Ng5 Rd7 32. Rgxf6+ Kc7 33. Qa5+ Kb8
34. Qxd8+ Rxd8 35. Nf7 Be7 36. R6f2 Rxh6 37. Nxh6 Bg5+ 38. Kb1 Bxh6 39. Rd1 Rh8
40. Rdf1 Bf4 41. Rh1 Kc7 42. Bf3 Rg8 43. Rg2 Rd8 44. Rg7+ Rd7 45. Rxd7+ Kxd7
46. Bg4+ Kc6 47. Rh7 a5 48. b3 b6 49. Bd7+ Kc7 50. Bb5+ Kb8 51. Ba6 Nf3 52. Kc2
Be3 53. Rb7+ Ka8 54. Rxb6 Ka7 55. Rg6 Bd4 56. Bb5 Kb7 57. Rg3 Nh4 58. Rg7+ Kb6
59. Kd3 Nf3 60. Bd7 Ne1+ 61. Ke2 Nc2 62. Kf3 Nb4 63. Kg4 Nxa2 64. Kf5 Nc1 65.
Ba4 Nd3 66. Ke6 Nf2 67. Kd5 Nd3 68. Kd6 Nf2 69. Bc6 Nd3 70. Rb7+ Ka6 71. Kc7 a4
72. Rb5 Bc3 73. bxa4 Bb4 74. Rb8 Ka7 75. Ra8# 1-0

[Event "CAN op"]
[Site "Hamilton CAN"]
[Date "2022.07.17"]
[Round "9.60"]
[White "Qian, Jessica"]
[Black "Wang, Rachel"]
[Result "0-1"]
[WhiteElo "1532"]
[BlackElo "1850"]
[PlyCount "62"]
[EventDate "2022.07.12"]
[EventType "swiss"]
[EventRounds "9"]
[EventCountry "CAN"]

1. e4 c5 2. Nf3 Nc6 3. Bb5 e6 4. O-O Nge7 5. d4 a6 6. Be2 cxd4 7. Nxd4 g6 8.
Be3 Bg7 9. f4 Qb6 10. c3 Qxb2 11. Nxc6 Nxc6 12. e5 d6 13. a4 Qxa1 14. Qb3 b5
15. Na3 Na5 16. Qb4 Qa2 17. Bf3 d5 18. Bc5 Nc6 19. Qb1 Qxb1 20. Rxb1 Bf8 21.
Bxf8 Rxf8 22. axb5 axb5 23. Nxb5 Kd7 24. Nd6 Ba6 25. Bd1 Rfb8 26. Ra1 Bd3 27.
Rc1 Ra2 28. Nxf7 Rb1 29. Rxb1 Bxb1 30. Ng5 Bf5 31. Bb3 Ra3 0-1

[Event "CAN op"]
[Site "Hamilton CAN"]
[Date "2022.07.17"]
[Round "9.61"]
[White "Supsup, Ferdinand"]
[Black "Zhang, James"]
[Result "1-0"]
[WhiteElo "1810"]
[BlackElo "1362"]
[PlyCount "83"]
[EventDate "2022.07.12"]
[EventType "swiss"]
[EventRounds "9"]
[EventCountry "CAN"]

1. d4 d5 2. Nc3 Nf6 3. Bf4 Bf5 4. e3 e6 5. f3 Bd6 6. Nge2 c6 7. g4 Bg6 8. Bxd6
Qxd6 9. Nf4 Nbd7 10. h4 h5 11. Nxg6 fxg6 12. g5 Nh7 13. Qd3 Nhf8 14. O-O-O
O-O-O 15. e4 Nb6 16. e5 Qe7 17. Ne2 Qf7 18. b3 Nfd7 19. a4 Rhf8 20. Bg2 Kb8 21.
Qc3 Rfe8 22. Rd3 a6 23. Bh3 Nc8 24. Qa5 Ne7 25. b4 Nf5 26. Bf1 Nf8 27. b5 Qc7
28. Qb4 Qe7 29. Qc3 axb5 30. axb5 Rc8 31. Qb3 cxb5 32. Qxb5 Qc7 33. Qb2 Qa5 34.
Kd1 Rc6 35. Rb3 Rb6 36. Nc1 Rxb3 37. Nxb3 Qc7 38. Nc5 Kc8 39. Bb5 Re7 40. Kd2
Qa5+ 41. Kd3 Rc7 42. Ra1 1-0

[Event "CAN op"]
[Site "Hamilton CAN"]
[Date "2022.07.17"]
[Round "9.62"]
[White "Faizy, Mohammed"]
[Black "Richard, Leo"]
[Result "1-0"]
[WhiteElo "1503"]
[BlackElo "2014"]
[PlyCount "83"]
[EventDate "2022.07.12"]
[EventType "swiss"]
[EventRounds "9"]
[EventCountry "CAN"]

1. e4 c5 2. Nf3 Nc6 3. d4 cxd4 4. Nxd4 e5 5. Nb5 d6 6. N1c3 Nf6 7. Bg5 a6 8.
Na3 Be7 9. Nc4 b5 10. Bxf6 gxf6 11. Ne3 Be6 12. a4 b4 13. Ncd5 Qa5 14. Nc4 Qd8
15. Ncb6 Ra7 16. a5 f5 17. Bd3 Bxd5 18. Nxd5 f4 19. Qd2 Rg8 20. g3 Bg5 21. Qe2
Nd4 22. Qh5 fxg3 23. hxg3 Rg7 24. Nxb4 Rb7 25. c3 Nb3 26. Rd1 Qxa5 27. O-O Nc5
28. Ra1 Qd8 29. Bxa6 Rb6 30. Qe2 Bf4 31. Bb5+ Kf8 32. Nc6 Rxc6 33. Bxc6 Qh4 34.
Qf3 Rg6 35. Kg2 Kg7 36. Rh1 Qg5 37. Rh5 Qe7 38. Bd5 Qc7 39. Kh1 Bg5 40. Bxf7
Rf6 41. Rxg5+ Kxf7 42. Qh5+ 1-0

[Event "CAN op"]
[Site "Hamilton CAN"]
[Date "2022.07.17"]
[Round "9.63"]
[White "Liu, Sean"]
[Black "Pickard, Ryan"]
[Result "1-0"]
[WhiteElo "1208"]
[BlackElo "1920"]
[PlyCount "55"]
[EventDate "2022.07.12"]
[EventType "swiss"]
[EventRounds "9"]
[EventCountry "CAN"]

1. e4 e5 2. Nf3 Nc6 3. Nc3 Nf6 4. Bc4 Bc5 5. d3 h6 6. h3 d6 7. Be3 Bb6 8. Nd5
Bxe3 9. Nxe3 Na5 10. Bb3 Nxb3 11. axb3 O-O 12. O-O Re8 13. Nd2 d5 14. f3 c6 15.
Kh2 Qb6 16. Qe2 Be6 17. Ng4 Bxg4 18. fxg4 Rad8 19. Rf5 dxe4 20. Nxe4 Nxe4 21.
Qxe4 a6 22. Raf1 f6 23. Rxf6 gxf6 24. Qg6+ Kh8 25. Qxh6+ Kg8 26. Qg6+ Kh8 27.
Qxf6+ Kh7 28. Qf7+ 1-0

[Event "CAN op"]
[Site "Hamilton CAN"]
[Date "2022.07.17"]
[Round "9.64"]
[White "Yang, Henry"]
[Black "Benggawan, Undriadi"]
[Result "1-0"]
[WhiteElo "1863"]
[BlackElo "1584"]
[PlyCount "63"]
[EventDate "2022.07.12"]
[EventType "swiss"]
[EventRounds "9"]
[EventCountry "CAN"]

1. d4 d5 2. c4 c6 3. Nf3 Bf5 4. e3 e6 5. Nc3 Bd6 6. c5 Bc7 7. b4 Nf6 8. a4 O-O
9. Be2 Nbd7 10. Bb2 Bg6 11. Nh4 Ne4 12. Nxg6 fxg6 13. Nxe4 dxe4 14. Bc4 Qf6 15.
Qc2 Rae8 16. d5 Ne5 17. dxe6 Kh8 18. Rb1 Qf5 19. Bxe5 Bxe5 20. O-O Qh5 21. g3
Qf5 22. Rbd1 h5 23. Qe2 Qh3 24. Rd7 Bf6 25. Rfd1 Kh7 26. Rxb7 h4 27. Qf1 Qf5
28. Rxa7 hxg3 29. hxg3 Rh8 30. Qg2 Be7 31. Rd4 Qh5 32. Qh2 1-0

[Event "CAN op"]
[Site "Hamilton CAN"]
[Date "2022.07.17"]
[Round "9.65"]
[White "Zhang, Brian"]
[Black "Dickson, Raymond"]
[Result "1-0"]
[WhiteElo "1842"]
[BlackElo "1511"]
[PlyCount "33"]
[EventDate "2022.07.12"]
[EventType "swiss"]
[EventRounds "9"]
[EventCountry "CAN"]

1. e4 d5 2. exd5 Nf6 3. Nf3 Nxd5 4. d4 Bf5 5. Nh4 Bd7 6. c4 Nb6 7. Nf3 Bf5 8.
d5 c6 9. Nc3 cxd5 10. cxd5 e6 11. Nd4 Nxd5 12. Bb5+ Nd7 13. Nxd5 exd5 14. Qe2+
Be6 15. Nxe6 fxe6 16. Qxe6+ Qe7 17. Bxd7+ 1-0

[Event "CAN op"]
[Site "Hamilton CAN"]
[Date "2022.07.17"]
[Round "9.66"]
[White "Wang, Andy"]
[Black "Dick, Joel"]
[Result "1-0"]
[WhiteElo "1806"]
[BlackElo "1499"]
[PlyCount "121"]
[EventDate "2022.07.12"]
[EventType "swiss"]
[EventRounds "9"]
[EventCountry "CAN"]

1. e4 e5 2. Nf3 Nc6 3. Bb5 a6 4. Ba4 Nf6 5. d3 b5 6. Bb3 Be7 7. O-O d6 8. c3
O-O 9. Re1 Na5 10. Bc2 c5 11. d4 Qc7 12. h3 Re8 13. Nbd2 Bf8 14. Nf1 g6 15. Ng3
Bg7 16. b3 Nc6 17. dxc5 dxc5 18. a4 Bb7 19. Be3 Nd7 20. Qe2 b4 21. cxb4 Nd4 22.
Bxd4 exd4 23. Rad1 Ne5 24. bxc5 Nxf3+ 25. Qxf3 Qxc5 26. Qd3 Rac8 27. Bb1 Qc3
28. f3 f5 29. Qxc3 dxc3 30. Re2 fxe4 31. Bxe4 Bxe4 32. Nxe4 Re7 33. Rc2 Rec7
34. Kf1 Bf8 35. Ke2 a5 36. Rd7 Rxd7 37. Nf6+ Kf7 38. Nxd7 Bb4 39. Ne5+ Ke6 40.
Nd3 Kd5 41. Nxb4+ axb4 42. Kd3 Re8 43. Re2 Rc8 44. Kc2 Rc6 45. Re7 h5 46. Rb7
Kc5 47. Rb5+ Kd4 48. Rxb4+ Ke3 49. Rc4 Rf6 50. Rxc3+ Kf2 51. g4 h4 52. a5 Rf4
53. Kd2 Kg3 54. Ke2 Kxh3 55. Kf2 Kh2 56. Rc2 h3 57. a6 g5 58. a7 Rf8 59. Ra2
Ra8 60. b4 Kh1 61. Kg3 1-0

[Event "CAN op"]
[Site "Hamilton CAN"]
[Date "2022.07.17"]
[Round "9.67"]
[White "Mullur, Neerav"]
[Black "Lu, Tony"]
[Result "0-1"]
[WhiteElo "1459"]
[BlackElo "1773"]
[PlyCount "134"]
[EventDate "2022.07.12"]
[EventType "swiss"]
[EventRounds "9"]
[EventCountry "CAN"]

1. e4 e6 2. d4 d5 3. Bd3 dxe4 4. Bxe4 Nf6 5. Bf3 Be7 6. Ne2 O-O 7. O-O c5 8.
Nbc3 Nc6 9. Be3 cxd4 10. Nxd4 Ne5 11. Be2 b6 12. Bf4 Ng6 13. Nc6 Qe8 14. Nxe7+
Nxe7 15. Bf3 Ba6 16. Bxa8 Bxf1 17. Qxf1 Qxa8 18. Nb5 Ned5 19. Be5 Nd7 20. Bd6
Rc8 21. c4 N5f6 22. Rd1 h6 23. Qd3 a6 24. Nc3 Qc6 25. b3 Nc5 26. Bxc5 Qxc5 27.
Na4 Qa5 28. Qc3 Qh5 29. Rc1 b5 30. Nb6 Rc6 31. c5 Ne4 32. Qf3 Rxc5 33. Rxc5
Qxc5 34. Qe3 Qxe3 35. fxe3 Nc3 36. a3 Nd5 37. Nd7 Nxe3 38. Nb8 a5 39. a4 bxa4
40. bxa4 Nc4 41. Nc6 f6 42. Kf2 e5 43. Ke2 Kf7 44. Kd3 Nb2+ 45. Ke4 Nxa4 46.
Nxa5 Ke6 47. Nb7 f5+ 48. Ke3 g5 49. Nd8+ Kf6 50. Nc6 Nc5 51. g3 f4+ 52. gxf4
gxf4+ 53. Kf3 Kf5 54. Ne7+ Kg5 55. Nd5 e4+ 56. Kg2 Nd3 57. Nc3 Kf5 58. Nd1 e3
59. Kf3 Ne5+ 60. Ke2 Kg4 61. Nxe3+ fxe3 62. Kxe3 Kh3 63. Kf2 Kxh2 64. Kf1 h5
65. Kf2 h4 66. Kf1 Ng4 67. Ke2 Kg2 0-1

[Event "CAN op"]
[Site "Hamilton CAN"]
[Date "2022.07.17"]
[Round "9.68"]
[White "Deshpande, Nevin"]
[Black "Kearnan, Daniel"]
[Result "1-0"]
[WhiteElo "1322"]
[BlackElo "1769"]
[PlyCount "91"]
[EventDate "2022.07.12"]
[EventType "swiss"]
[EventRounds "9"]
[EventCountry "CAN"]

1. c4 e6 2. g3 d5 3. Bg2 Nf6 4. Nf3 Be7 5. O-O O-O 6. b3 Nbd7 7. Bb2 c6 8. d4
b6 9. Nbd2 Bb7 10. cxd5 cxd5 11. Rc1 Rc8 12. Re1 Rxc1 13. Qxc1 Qb8 14. Qb1 Rc8
15. Rc1 Bd6 16. Rxc8+ Qxc8 17. Ne5 Ne8 18. Ndf3 Nxe5 19. dxe5 Be7 20. Nd4 Qc7
21. f4 Bc5 22. Qd3 Qc8 23. Kh1 Ba6 24. Qd2 g6 25. Nc2 Ng7 26. g4 h5 27. b4 Bf8
28. Ne3 Qd8 29. Qe1 d4 30. Nc2 d3 31. exd3 Qxd3 32. Be4 Qe2 33. Qxe2 Bxe2 34.
g5 Nf5 35. Bxf5 exf5 36. Nd4 Bc4 37. a3 a5 38. Bc3 axb4 39. axb4 b5 40. Kg2 Be7
41. Kf3 Kf8 42. Ke3 Bd8 43. Nc2 Bb6+ 44. Bd4 Bxd4+ 45. Kxd4 Ke7 46. Kc5 1-0

[Event "CAN op"]
[Site "Hamilton CAN"]
[Date "2022.07.17"]
[Round "9.73"]
[White "Brown, John R"]
[Black "Palsson, Halldor"]
[Result "1-0"]
[WhiteElo "1409"]
[BlackElo "1962"]
[PlyCount "51"]
[EventDate "2022.07.12"]
[EventType "swiss"]
[EventRounds "9"]
[EventCountry "CAN"]

1. e4 e6 2. d4 d5 3. e5 c5 4. c3 Nc6 5. Nf3 Qb6 6. Bd3 Nh6 7. O-O Nf5 8. dxc5
Bxc5 9. Bxf5 exf5 10. Qxd5 Be6 11. Qd1 Bc4 12. b4 Be7 13. Be3 Qc7 14. Re1 O-O
15. Na3 Rfd8 16. Qc1 Bd5 17. Nb5 Qb8 18. Nbd4 g6 19. Bg5 Rd7 20. Bxe7 Nxe7 21.
Qh6 Qf8 22. Qe3 Bxf3 23. Qxf3 Nd5 24. e6 fxe6 25. Nxe6 Qf6 26. Nc5 1-0

[Event "CAN op"]
[Site "Hamilton CAN"]
[Date "2022.07.17"]
[Round "9.74"]
[White "Narula, Japveer"]
[Black "Wu, Benjamin"]
[Result "0-1"]
[WhiteElo "1326"]
[BlackElo "1870"]
[PlyCount "56"]
[EventDate "2022.07.12"]
[EventType "swiss"]
[EventRounds "9"]
[EventCountry "CAN"]

1. e4 c5 2. Nf3 e6 3. d4 cxd4 4. Nxd4 Nf6 5. Nc3 a6 6. Be3 Bb4 7. f3 Nc6 8. Qd2
d5 9. Nxc6 bxc6 10. e5 Nd7 11. f4 c5 12. a3 Ba5 13. Bxc5 Nxc5 14. b4 d4 15. Na2
Ne4 16. Qd3 Bb7 17. bxa5 Qh4+ 18. Ke2 Nf2 19. Qb3 Nxh1 20. Qxb7 Qf2+ 21. Kd1
Qxf1+ 22. Kd2 Qf2+ 23. Kc1 O-O 24. Qf3 Qxf3 25. gxf3 Nf2 26. Kd2 Nh3 27. Kd3
Rfd8 28. Ke4 Nf2# 0-1

[Event "CAN op"]
[Site "Hamilton CAN"]
[Date "2022.07.17"]
[Round "9.75"]
[White "Hartman, Liam"]
[Black "Cater, Brendan"]
[Result "0-1"]
[WhiteElo "1268"]
[BlackElo "1860"]
[PlyCount "36"]
[EventDate "2022.07.12"]
[EventType "swiss"]
[EventRounds "9"]
[EventCountry "CAN"]

1. d4 d5 2. c4 dxc4 3. e4 e5 4. Nf3 exd4 5. Qxd4 Qxd4 6. Nxd4 Nf6 7. e5 Ng4 8.
f4 Bc5 9. h3 Bxd4 10. hxg4 Bxg4 11. Bxc4 Nc6 12. a3 O-O-O 13. Rh4 h5 14. Bxf7
Nxe5 15. fxe5 Bxe5 16. Rxg4 hxg4 17. Be6+ Kb8 18. Nd2 Rde8 0-1

[Event "CAN op"]
[Site "Hamilton CAN"]
[Date "2022.07.17"]
[Round "9.76"]
[White "Buscar, Bernard"]
[Black "Suresh, Pavan"]
[Result "0-1"]
[WhiteElo "1789"]
[BlackElo "1413"]
[PlyCount "74"]
[EventDate "2022.07.12"]
[EventType "swiss"]
[EventRounds "9"]
[EventCountry "CAN"]

1. d4 e6 2. c4 d5 3. Nc3 Nf6 4. Bg5 Nbd7 5. e3 c6 6. Nf3 Be7 7. Bd3 O-O 8. O-O
h6 9. Bf4 Nh5 10. Be5 Nxe5 11. Nxe5 Nf6 12. Rc1 Bd6 13. f4 Nd7 14. Rf3 Nxe5 15.
fxe5 Be7 16. Bb1 g6 17. Qc2 Bd7 18. Rcf1 Qe8 19. Qf2 Kg7 20. Qg3 f5 21. exf6+
Bxf6 22. Rxf6 Rxf6 23. Qe5 Qf7 24. Ne2 Rf8 25. Nf4 Kg8 26. Bxg6 Rxg6 27. Rf3
Rg5 28. Qd6 Qg7 29. g3 Qf7 30. Kf2 h5 31. Kg2 h4 32. c5 hxg3 33. hxg3 Qh7 34.
Qxf8+ Kxf8 35. Nxe6+ Ke8 36. Rf8+ Ke7 37. Nxg5 Qg6 0-1

[Event "CAN op"]
[Site "Hamilton CAN"]
[Date "2022.07.17"]
[Round "9.77"]
[White "Chepelev, Ivan"]
[Black "Zhang, Michelle"]
[Result "0-1"]
[WhiteElo "1377"]
[BlackElo "1756"]
[PlyCount "40"]
[EventDate "2022.07.12"]
[EventType "swiss"]
[EventRounds "9"]
[EventCountry "CAN"]

1. Nf3 d5 2. c4 e6 3. d4 Nf6 4. Nc3 Be7 5. Bg5 h6 6. Bh4 O-O 7. e3 a6 8. Bd3
dxc4 9. Bxc4 b5 10. Bd3 Bb7 11. O-O Nbd7 12. Qe2 c5 13. Rac1 Rc8 14. Rfd1 c4
15. Bb1 b4 16. Na4 Qa5 17. b3 c3 18. Qc2 Be4 19. Qe2 Bxb1 20. Rxb1 c2 0-1

[Event "CAN op"]
[Site "Hamilton CAN"]
[Date "2022.07.17"]
[Round "9.78"]
[White "Moran-Venegas, Mario"]
[Black "Xie, Irene"]
[Result "1-0"]
[WhiteElo "1754"]
[BlackElo "1455"]
[PlyCount "101"]
[EventDate "2022.07.12"]
[EventType "swiss"]
[EventRounds "9"]
[EventCountry "CAN"]

1. c4 d6 2. g3 g6 3. Bg2 Bg7 4. Nc3 Nf6 5. d4 c6 6. Nf3 d5 7. b3 O-O 8. O-O Bg4
9. e3 Nbd7 10. Bb2 Re8 11. h3 Bxf3 12. Bxf3 e6 13. Rc1 Rc8 14. Qd2 Nb6 15. cxd5
exd5 16. Bg2 Qd6 17. h4 Ne4 18. Nxe4 dxe4 19. Qa5 Qb8 20. Ba3 Nd5 21. Rc2 Bf8
22. Bxf8 Kxf8 23. Rfc1 a6 24. Qd2 f5 25. Rc5 Qd6 26. Bf1 Rcd8 27. Be2 h5 28. b4
Kg7 29. a3 Nf6 30. Qa2 Nd5 31. Qb3 Rd7 32. a4 Nc7 33. b5 axb5 34. axb5 Nxb5 35.
Bxb5 cxb5 36. Qxb5 Ree7 37. Rc8 Rc7 38. Rc5 Rxc5 39. Rxc5 Rc7 40. Re5 Qd7 41.
Qb4 Qc6 42. Qb3 Qd7 43. Qa2 Qf7 44. Qa3 Qd7 45. Qb4 Qf7 46. Rb5 Qd7 47. Kf1 Qc6
48. Rb6 Qc1+ 49. Kg2 Qd1 50. Qb2 Rc1 51. d5+ 1-0

[Event "CAN op"]
[Site "Hamilton CAN"]
[Date "2022.07.17"]
[Round "9.79"]
[White "Zhu, Isabelle"]
[Black "Mutyalapati, Modith Aaroh"]
[Result "1-0"]
[WhiteElo "1179"]
[BlackElo "1688"]
[PlyCount "74"]
[EventDate "2022.07.12"]
[EventType "swiss"]
[EventRounds "9"]
[EventCountry "CAN"]

1. d4 d5 2. c4 c6 3. Nc3 Nf6 4. Nf3 dxc4 5. e3 b5 6. a4 b4 7. Nb1 Bg4 8. Bxc4
e6 9. O-O Bd6 10. h3 Bh5 11. Be2 O-O 12. Nbd2 Nbd7 13. e4 e5 14. dxe5 Nxe5 15.
Nxe5 Bxe2 16. Qxe2 Bxe5 17. Nc4 Re8 18. Bg5 Qd4 19. Nxe5 Qxe5 20. Bxf6 Qxf6 21.
Qc4 a5 22. b3 Qg6 23. Rfe1 Qe6 24. Qxe6 Rxe6 25. Rac1 Kf8 26. f3 Ke7 27. Rc5
Kd7 28. Rec1 Kc7 29. Kf2 Kb6 30. Ke3 Rd8 31. e5 f6 32. f4 g5 33. f5 Re7 34.
Rxc6+ Kb7 35. e6 Rd5 36. R6c5 Rxc5 37. Rxc5 Kb6 1-0

[Event "CAN op"]
[Site "Hamilton CAN"]
[Date "2022.07.17"]
[Round "9.80"]
[White "Eiserloh, Clement"]
[Black "Zabor, Josh"]
[Result "0-1"]
[WhiteElo "1678"]
[BlackElo "1467"]
[PlyCount "62"]
[EventDate "2022.07.12"]
[EventType "swiss"]
[EventRounds "9"]
[EventCountry "CAN"]

1. e4 e5 2. Nf3 Nc6 3. Bb5 Nf6 4. O-O Nxe4 5. d4 Nd6 6. Bxc6 dxc6 7. dxe5 Nf5
8. Qxd8+ Kxd8 9. Nc3 h6 10. b3 Bb4 11. Bb2 Ke8 12. h3 Ne7 13. Nd4 Nd5 14. Ne4
Be7 15. c4 Nf4 16. Rad1 Be6 17. Nxe6 fxe6 18. Kh2 Rd8 19. g3 Ng6 20. f4 Rxd1
21. Rxd1 h5 22. Kg2 h4 23. Rf1 hxg3 24. Kxg3 Rf8 25. Kg4 Rh8 26. Bc1 Rf8 27.
Rh1 Nh4 28. Be3 Nf5 29. Bc5 b6 30. Bxe7 Kxe7 31. Rd1 Ne3+ 0-1

[Event "CAN op"]
[Site "Hamilton CAN"]
[Date "2022.07.17"]
[Round "9.82"]
[White "Ali, Shafkat"]
[Black "Holmgren, Emilian"]
[Result "1-0"]
[WhiteElo "1619"]
[BlackElo "1226"]
[PlyCount "67"]
[EventDate "2022.07.12"]
[EventType "swiss"]
[EventRounds "9"]
[EventCountry "CAN"]

1. e4 e5 2. Nf3 Nc6 3. Bb5 Nf6 4. Qe2 Bc5 5. O-O d6 6. h3 Bd7 7. c3 O-O 8. Rd1
Re8 9. d3 h6 10. Nbd2 Nd4 11. cxd4 Bxb5 12. dxc5 dxc5 13. Nc4 Nd7 14. b3 Qf6
15. Bb2 Rad8 16. Nh2 Ba6 17. Ng4 Qg5 18. Bc1 Qg6 19. Nge3 b5 20. Nd2 Nf6 21.
Nf5 b4 22. Nf3 Qh5 23. Bb2 Re6 24. Ng3 Qg6 25. Nxe5 Qh7 26. f3 Nd7 27. Nxd7
Rxd7 28. Qe3 Qg6 29. Kh2 f5 30. f4 Rde7 31. Qxc5 fxe4 32. f5 Qg5 33. dxe4 Rxe4
34. Nxe4 1-0

[Event "CAN op"]
[Site "Hamilton CAN"]
[Date "2022.07.17"]
[Round "9.83"]
[White "Parchizadeh, Ashkan"]
[Black "Dennahower, Michael"]
[Result "1-0"]
[WhiteElo "1608"]
[BlackElo "1281"]
[PlyCount "51"]
[EventDate "2022.07.12"]
[EventType "swiss"]
[EventRounds "9"]
[EventCountry "CAN"]

1. e4 c6 2. d4 d5 3. e5 Bf5 4. c4 dxc4 5. Bxc4 e6 6. Nc3 Ne7 7. f4 h5 8. Nf3 h4
9. Qb3 Qd7 10. Be3 Nd5 11. Nxd5 exd5 12. Bd3 Bxd3 13. Qxd3 Bb4+ 14. Kf2 g6 15.
h3 Na6 16. Ng5 O-O-O 17. a3 Ba5 18. b4 Bc7 19. Rhb1 b5 20. a4 Kb7 21. axb5 cxb5
22. Qa3 Nb8 23. Qxa7+ Kc8 24. Rc1 Rh5 25. Rc5 Rxg5 26. Rac1 1-0

[Event "CAN op"]
[Site "Hamilton CAN"]
[Date "2022.07.17"]
[Round "9.84"]
[White "Frangakis, Evan"]
[Black "Yang, Nathan"]
[Result "1-0"]
[WhiteElo "1589"]
[BlackElo "1169"]
[PlyCount "57"]
[EventDate "2022.07.12"]
[EventType "swiss"]
[EventRounds "9"]
[EventCountry "CAN"]

1. d4 d5 2. Nf3 Bf5 3. c4 c6 4. cxd5 cxd5 5. Nc3 Nf6 6. Qb3 Qb6 7. Nxd5 Nxd5 8.
Qxd5 e6 9. Qb3 Qxb3 10. axb3 Bb4+ 11. Bd2 Nc6 12. Bc3 Bc2 13. Nd2 O-O 14. e3 a5
15. Bb5 Bg6 16. O-O Rad8 17. Rfc1 e5 18. Bxc6 bxc6 19. Bxb4 axb4 20. Nf3 exd4
21. Nxd4 Ra8 22. Nxc6 Rxa1 23. Rxa1 Bc2 24. Nd4 Bd3 25. f3 g5 26. Rd1 Bg6 27.
e4 Rd8 28. Kf2 Kg7 29. Nf5+ 1-0

[Event "CAN op"]
[Site "Hamilton CAN"]
[Date "2022.07.17"]
[Round "9.85"]
[White "Dickson, Kirk"]
[Black "Bruneau, Gilles"]
[Result "0-1"]
[WhiteElo "1780"]
[BlackElo "1290"]
[PlyCount "56"]
[EventDate "2022.07.12"]
[EventType "swiss"]
[EventRounds "9"]
[EventCountry "CAN"]

1. d4 Nf6 2. e3 g6 3. Bd3 Bg7 4. f4 d5 5. Nd2 b6 6. Ngf3 O-O 7. O-O Bb7 8. Ne5
Nbd7 9. Rf3 Ne4 10. Rh3 Nxe5 11. fxe5 e6 12. Bxe4 dxe4 13. Qg4 c5 14. c3 h5 15.
Qg3 Kh7 16. Qf4 Bh6 17. Qf2 f6 18. exf6 Rxf6 19. Qh4 Bxe3+ 20. Kh1 Bf2 21. Qg5
cxd4 22. cxd4 Qxd4 23. Nf1 e3 24. Bxe3 Bxe3 25. Nxe3 Raf8 26. Rc1 R8f7 27. Kg1
Qd2 28. Rd1 Qxd1+ 0-1

[Event "CAN op"]
[Site "Hamilton CAN"]
[Date "2022.07.17"]
[Round "9.87"]
[White "Sen, Arya"]
[Black "Huang, Eric"]
[Result "1-0"]
[WhiteElo "1745"]
[BlackElo "1155"]
[PlyCount "43"]
[EventDate "2022.07.12"]
[EventType "swiss"]
[EventRounds "9"]
[EventCountry "CAN"]

1. c4 c6 2. e4 d5 3. cxd5 cxd5 4. exd5 Qxd5 5. Nc3 Qd8 6. Nf3 Nc6 7. Bb5 Bd7 8.
O-O a6 9. Bc4 e6 10. Re1 Bc5 11. d4 Be7 12. d5 Na5 13. dxe6 Nxc4 14. exf7+ Kf8
15. fxg8=Q+ Rxg8 16. Qd5 Rc8 17. b3 Nd6 18. Ba3 Bc6 19. Qd3 Bxf3 20. Qxf3+ Bf6
21. Ne4 Rc6 22. Rad1 1-0

[Event "CAN op"]
[Site "Hamilton CAN"]
[Date "2022.07.17"]
[Round "9.88"]
[White "Hettigama, Thusitha"]
[Black "Huang, Winston"]
[Result "1-0"]
[WhiteElo "1711"]
[BlackElo "1131"]
[PlyCount "51"]
[EventDate "2022.07.12"]
[EventType "swiss"]
[EventRounds "9"]
[EventCountry "CAN"]

1. c4 e5 2. Nc3 Nf6 3. Nf3 Nc6 4. e3 d5 5. cxd5 Nxd5 6. Bb5 Nxc3 7. bxc3 Bd6 8.
O-O O-O 9. d4 e4 10. Nd2 Qg5 11. Bxc6 Bh3 12. Bxe4 c6 13. f4 Qg4 14. Qxg4 Bxg4
15. h3 Bd7 16. Nc4 Bc7 17. Ne5 Bxe5 18. fxe5 Be6 19. Bc2 Bc4 20. Rf2 Rad8 21.
Bb3 Bd3 22. Ba3 Bg6 23. Bxf8 Rxf8 24. e6 Kh8 25. exf7 h6 26. Re1 1-0